Les pays participants à la Copa América 2016 (football) - Statistiques

Statistiques générales
  • Ce quiz a été pris 185 fois
  • Le résultat moyen est 14 sur 16
Statistiques - réponses
Classement final Pays % Correct
2e Argentine
100%
9e Brésil
100%
1er Chili
99%
11e Uruguay
95%
3e Colombie
94%
13e Paraguay
92%
7e Mexique
91%
5e Pérou
90%
8e Equateur
88%
6e Venezuela
88%
14e Bolivie
86%
4e Etats-Unis
86%
10e Costa Rica
76%
12e Panama
67%
15e Jamaïque
56%
16e Haïti
43%
Aucun quiz correspondant
Distribution des résultats
% des personnes avec chaque résultat
Percentile par nombre de réponses
Votre historique - résultats
Vous n’avez pas pris ce quiz